Focus Regional Development Agencies (Record no. 117331)

MARC details
000 -LEADER
fixed length control field 02010cam a2200277 4500
001 - CONTROL NUMBER
control field ABS67873
008 - FIXED-LENGTH DATA ELEMENTS--GENERAL INFORMATION
fixed length control field 040510n2004 000 0 eng u
035 ## - SYSTEM CONTROL NUMBER
System control number (Sirsi) u126159
245 ## - TITLE STATEMENT
Title Focus Regional Development Agencies
260 ## - PUBLICATION, DISTRIBUTION, ETC.
Date of publication, distribution, etc. 2004
490 ## - SERIES STATEMENT
Series statement Estates Gazette
Volume/sequential designation (0418) 1 May 2004, 65-73(9)
520 ## - SUMMARY, ETC.
Summary, etc. Looks at how three Regional Development Agencies (RDA) have benefited from going on fact-finding missions to other countries: South East England Development Agency for its Wolston Riverside development at Southampton; the Welsh Development Agency for its Cardiff Bay project and the East of England Development Agency with its market town initiative. Assesses the performance success of RDAs, five years after they were set up, in meeting their regeneration targets. Provides statistics on how RDAs are ensuring that brownfield land is remediated and ready for development. Looks at how RDAs are managing investment portfolios which they inherited, ranging from North West Development Agency's outsourcing its portfolio, to South West of England Regional Development Agency's traditional strategy of managing property in house and planning to dispose of surplus requirements for disposal through auction. Concludes with an interview with Sir Graham Hall chairman of the Northern Way Steering Group, which is carrying out a review of how Yorkshire Forward, One North East and the North West Development Agency can unite their economic development, transport, housing, skills and education policies. Lists members of the Northern Way Steering Group.
590 ## - LOCAL NOTE (RLIN)
Local note ABS
590 ## - LOCAL NOTE (RLIN)
Local note ABS
650 ## - SUBJECT ADDED ENTRY--TOPICAL TERM
Topical term or geographic name entry element REGIONAL DEVELOPMENT AGENCIES
650 ## - SUBJECT ADDED ENTRY--TOPICAL TERM
Topical term or geographic name entry element TARGETS
650 ## - SUBJECT ADDED ENTRY--TOPICAL TERM
Topical term or geographic name entry element BROWNFIELD LAND
650 ## - SUBJECT ADDED ENTRY--TOPICAL TERM
Topical term or geographic name entry element INVESTMENT PORTFOLIOS
650 ## - SUBJECT ADDED ENTRY--TOPICAL TERM
Topical term or geographic name entry element NORTHERN WAY STEERING GROUP
650 ## - SUBJECT ADDED ENTRY--TOPICAL TERM
Topical term or geographic name entry element NORTH WEST DEVELOPMENT AGENCY
650 ## - SUBJECT ADDED ENTRY--TOPICAL TERM
Topical term or geographic name entry element SOUTH WEST OF ENGLAND REGIONAL DEVELOPMENT AGENCY
650 ## - SUBJECT ADDED ENTRY--TOPICAL TERM
Topical term or geographic name entry element YORKSHIRE FORWARD
650 ## - SUBJECT ADDED ENTRY--TOPICAL TERM
Topical term or geographic name entry element ONE NORTH EAST
690 ## - LOCAL SUBJECT ADDED ENTRY--TOPICAL TERM (OCLC, RLIN)
Topical term or geographic name as entry element REGENERATION
942 ## - ADDED ENTRY ELEMENTS (KOHA)
Suppress in OPAC 0
Holdings
Withdrawn status Lost status Source of classification or shelving scheme Damaged status Not for loan Home library Current library Shelving location Date acquired Total Checkouts Full call number Barcode Date last seen Copy number Price effective from Koha item type
    Dewey Decimal Classification     London London Journal article 10/05/2004   ABS67873 126159-1001 06/08/2019 1 06/08/2019 Journal article